BUBT Library Online Catalog

Optoelectronics and Photonics : Principles and Practices / (Record no. 4126)

000 -LEADER
fixed length control field 00710nam a2200229Ia 4500
003 - CONTROL NUMBER IDENTIFIER
control field BUBTL
008 - FIXED-LENGTH DATA ELEMENTS--GENERAL INFORMATION
fixed length control field 151213s9999 xx 000 0 und d
020 ## - INTERNATIONAL STANDARD BOOK NUMBER
International Standard Book Number 9788131724682
082 ## - DEWEY DECIMAL CLASSIFICATION NUMBER
Classification number 621.3/ K15o/ 2009
100 ## - MAIN ENTRY--PERSONAL NAME
Personal name Kasap, S.O.
9 (RLIN) 4283
245 ## - TITLE STATEMENT
Title Optoelectronics and Photonics : Principles and Practices /
Statement of responsibility, etc. S.O.Kasap
250 ## - EDITION STATEMENT
Edition statement 1st Edn.
260 ## - PUBLICATION, DISTRIBUTION, ETC. (IMPRINT)
Place of publication, distribution, etc. New Delhi
Name of publisher, distributor, etc. Pearson Prentic Hall
Date of publication, distribution, etc. c2009
300 ## - PHYSICAL DESCRIPTION
Extent xii, 340 p.:
Other physical details ill.;
Dimensions 24 cm.
500 ## - GENERAL NOTE
General note Includes Index
505 ## - FORMATTED CONTENTS NOTE
Formatted contents note Optoelectronics and Photonics, Optoelectronics, Photonics, S.O.Kasap
650 #0 - SUBJECT ADDED ENTRY--TOPICAL TERM
Topical term or geographic name as entry element Electrical and Electronic Engineering
9 (RLIN) 4295
650 ## - SUBJECT ADDED ENTRY--TOPICAL TERM
Topical term or geographic name as entry element science
856 ## - ELECTRONIC LOCATION AND ACCESS
Password 0
Logon 0
Link text Download
942 ## - ADDED ENTRY ELEMENTS (KOHA)
Source of classification or shelving scheme
Koha item type Books
Holdings
Withdrawn status Lost status Source of classification or shelving scheme Damaged status Not for loan Collection code Permanent location Current location Shelving location Date acquired Inventory number Total Checkouts Full call number Barcode Date last seen Copy number Price effective from Koha item type Total Renewals Date last checked out
        Not For Loan Non-fiction Bangladesh University of Business and Technology Library Bangladesh University of Business and Technology Library Electronic Engineering Stacks 07/17/2010 7389   621.3KAO BUBTL-20037389 02/10/2016 C-1 02/10/2016 Books    
          Non-fiction Bangladesh University of Business and Technology Library Bangladesh University of Business and Technology Library Electronic Engineering Stacks 09/11/2010 8230 8 621.3KAO BUBTL-20038230 12/13/2023 C-2 02/10/2016 Books 3 10/30/2023
          Non-fiction Bangladesh University of Business and Technology Library Bangladesh University of Business and Technology Library Electronic Engineering Stacks 09/11/2010 8229 9 621.3KAO BUBTL-20038229 05/25/2023 C-3 02/10/2016 Books 7 04/03/2023
        Not For Loan Non-fiction Bangladesh University of Business and Technology Library Bangladesh University of Business and Technology Library Electronic Engineering Stacks 09/11/2010 8228   621.3KAO BUBTL-20038228 12/13/2022 C-4 02/10/2016 Books    

More Information About Library

Library Hours

  • Open: 9.00 am. to 9.00 pm.
  • Only Sunday: 9.00 am. to 6.00 pm.
  • Closed: Holiday

Contact to the University

Bangladesh University of Business and Technology Library

  • Mirpurl-2, 1216.
  • Phone:
  • Fax:
  • E-Mail: admin.library@bubt.edu.bd

Contact to the Library

Contact Person:

Md. Abdul Hakim Shah
Joint Librarian
PABX No:  113
Cell No: 01816332931
E-mail: official: admin.library@bubt.edu.bd
Personal: hakim.shah@bubt.edu.bd


BUBT Library

Copyright © 2021